[Event "Paracin op 16th"]
[Site "Paracin"]
[Date "2023.07.12"]
[Round "6"]
[White "Djordjevic, Vuk D"]
[Black "Zhukov, Anton"]
[Result "1/2-1/2"]
[WhiteElo "2385"]
[BlackElo "2215"]
[PlyCount "100"]
[EventDate "2023.07.07"]
[EventType "swiss"]
[EventRounds "9"]
[EventCountry "SRB"]
[SourceTitle "EXT 2024"]
[Source "ChessBase"]
[SourceDate "2023.10.10"]
[SourceVersion "1"]
[SourceVersionDate "2023.10.10"]
[SourceQuality "1"]

1. d4 Nf6 2. Bg5 d5 3. Bxf6 gxf6 4. e3 c5 5. dxc5 e6 6. Nf3 Bxc5 7. c4 dxc4 8. Nbd2 c3 9. bxc3 Nd7 10. Be2 Be7 11. 0-0 0-0 12. Nd4 Nc5 13. f4 Kh8 14. Rb1 Rg8 15. Bf3 e5 16. fxe5 fxe5 17. N4b3 Qd3 18. Qe2 Qxe2 19. Bxe2 Nxb3 20. axb3 Be6 21. Bc4 Bxc4 22. bxc4 Bc5 23. Rbe1 Kg7 24. Ne4 Be7 25. Ng3 Kf8 26. Rd1 Rd8 27. Nf5 Rxd1 28. Rxd1 Ke8 29. h3 f6 30. Kf2 b6 31. Ra1 a5 32. Nxe7 Kxe7 33. c5 bxc5 34. Rxa5 Kd6 35. e4 Rb8 36. Ra6+ Ke7 37. Rc6 Rb5 38. Kg3 Kf7 39. Kf3 Kg6 40. g4 Ra5 41. h4 h6 42. Kg3 Ra1 43. Rxc5 Rg1+ 44. Kf3 Rh1 45. Kg3 Rg1+ 46. Kf3 Rh1 47. Rc8 Rxh4 48. Kg3 Rh1 49. c4 Rc1 50. Rg8+ Kf7 1/2-1/2